| 000 | 00811nam a2200265 i 4500 | ||
|---|---|---|---|
| 001 | bgj | ||
| 100 | 1 |
_aSHAKESPEARE, William _d(1564-1616) |
|
| 245 | 1 | 0 |
_aThe Tragedy of Hamlet : _bprince of Denmark / _cby William Shakespeare. |
| 260 |
_aNew York : _bWashington Square Press, _c1967. |
||
| 300 |
_aXLIII, 147, [3] pp ; _c17 cm. |
||
| 490 | 1 | _aThe Folger Library General Reader's Shakespeare | |
| 650 | 9 |
_aEnglish drama _y16th century |
|
| 650 | 9 |
_aTheater _zEngland _y16th century |
|
| 650 | 9 | _aKings and rulers | |
| 650 | 9 | _aMurder victim's families | |
| 650 | 9 | _aPrinces | |
| 650 | 9 | _aRevenge | |
| 651 | 9 | _aDenmark | |
| 655 | _aDrama | ||
| 830 | _aThe Folger Library General Reader's Shakespeare | ||
| 040 | _cBPK | ||
| 041 | 0 | _aeng | |
| 942 | _cKS | ||
| 008 | s uk f |000 0 eng | ||
| 999 |
_c48831 _d48831 |
||